banner-ar

صخرMSX: برامج بالانجليزية للمبتدئين / (Record no. 57686)

MARC details
000 -الفاتح
حقل البيانات ثابتة الطول 00727nam a2200205Ia 4500
008 - عناصر البيانات ثابتة الطول - معلومات عامة
حقل البيانات ثابتة الطول 140319s9999 xx 000 0 ara d
040 ## - مصدر الفهرسة
وكالة الفهرسة الأصلية GCL /
وكالة النسخ GCL
082 04 - رقم تصنيف ديوى العشرى
رقم التصنيف ط
رقم المادة 001.6425
-- ع ا
100 1# - المدخل الرئيسى - إسم شخصى
الإسم الشخصى عبداللطيف ابوالسعود
245 10 - بيان العنوان
العنوان صخرMSX: برامج بالانجليزية للمبتدئين /
بيان المسئوليه,etc عبداللطيف ابوالسعود
300 ## - الوصف المادى
التعداد 91 ص
490 ## - بيان السلسلة
عنوان السلسلة اعداد برامج الكمبيوتر بالانجليزية
رقم المجلد/ التعيين التسلسلي 0
650 04 - المدخل الاضافى بالموضوع-مصطلح موضوعى
مصطلح موضوعي الاطفال
650 04 - المدخل الاضافى بالموضوع-مصطلح موضوعى
مصطلح موضوعي الحاسبات الالكترونية
650 04 - المدخل الاضافى بالموضوع-مصطلح موضوعى
مصطلح موضوعي ادارة الازمات
650 04 - المدخل الاضافى بالموضوع-مصطلح موضوعى
مصطلح موضوعي ادارة البرامج
942 ## - عناصر المدخل الإضافي( كوها)
مصدر التصنيف او مخطط الترفيف Dewey Decimal Classification
Koha [default] item type كتاب
260 ## - PUBLICATION, DISTRIBUTION, ETC. (IMPRINT)
-- [S.N] :
-- دار الراتب الجامعية
Holdings
حالة التراجع حالة الفقد حالة تلف ليس للاعارة المكان المؤقت الموقع الحالى تاريخ الاكتساب اجمالي اﻻعارات رقم الطلب الباركود تاريخ اخر مشاهدة تاريخ تفعيل السعر نوع وعاء كوها
        مكتبة القاهرة الكبرى مكتبة القاهرة الكبرى 03/26/2014   ط\001.6425\ع ا 147575 03/26/2014 03/26/2014 كتاب
        مكتبة القاهرة الكبرى مكتبة القاهرة الكبرى 03/26/2014   ط\001.6425\ع ا 147576 03/26/2014 03/26/2014 كتاب

Powered By

EGPV